000 00652nam a2200253Ia 4500
005 20260121155414.0
008 008 260114s9999 xx 000 0 eng d
020 _a9781351034067
037 _aEBOOK
040 _aCRL
040 _beng
040 _cCRL
041 _2eng
041 _aeng
084 _qCRL
100 _a Denita Cepiku; So Hee Jeon; David K. Jesuit
_91019092
245 0 _aCollaborative Governance for Local Economic Development
260 _bTaylor and Francis
260 _c2020
856 _uhttp://www.taylorfrancis.com/books/9781351034067
942 _cEBOOK
999 _c1585911
_d1585911